00371nam a22000977a 4500082001200000100001800012245013600030260004100166650003600207700003000243 a200 THE aASIF RASHID  aTH-SOF-1248-ENTERPRISE SYSTEM (ES) CRITICAL SUCCESS FACTORS (CSF), ACROSS LIFECYCLE, IN AIRCRAFT INDUSTRY FOR PRODUCTION EXCELLENCE aIslamabadbNUST College of EMEc2016 aPHD ENGINEERING MANAGEMENT PHD aSupervisor DR NAWAR KHAN